000 00791nam a2200217Ii 4500
003 JO-AjNU
008 230605s9999||||xx |||||||||||||| ||und||
017 _a647
040 _aJO-AjNU
_bara
_erda
_cJO-AjNU
041 _aara
050 1 4 _aRA781.7.K4612
100 3 _aكنت ، هوارد ؛ ترجمة زهرة رضا توت توت,
_eauthor
_934545
245 0 0 _aاليوغا للمعوقين
264 3 1 _aالقاهرة:وزارة الثفافة والاعلام ، 1900
300 _a132ص
336 _atext
_btxt
_2rdacontent
337 _aunmediated
_bn
_2rdamedia
338 _avolume
_bnc
_2rdacarrier
490 0 _aسلسلة كتاب الباراسايكولوجي
650 4 _aالتمرينات الرياضية-التربية البدنية -المعوقين
_934546
999 _aA14176
_c17744
_d17744